| 000 | 00412nam a2200157Ia 4500 | ||
|---|---|---|---|
| 008 | 210210b1978 xxu||||| |||| 00| 0 eng d | ||
| 082 | _a304.6 MITI | ||
| 100 | _aMITRA (Asok). | ||
| 245 | _aIndia's population: aspects of quality and control. Vol 1. Ed 1. | ||
| 250 | _a | ||
| 260 |
_aNew Delhi. _bAbhinav Publications, _c1978 |
||
| 300 | _axi,496 | ||
| 440 | _a1 | ||
| 690 | _aPopulation | ||
| 906 | _aSG01575 | ||
| 999 |
_c112967 _d112967 |
||